Cities in "Stan" Countries - Sudden Death - Statistics

General Stats
  • This quiz has been taken 25 times
  • The average score is 8 of 16
Answers on the Grid
Answers color-coded by a green-red scale on the quiz's grid according to % correct below.
Almaty
Ashgabat
Astana
Baku
Bengaluru
Bishkek
Dushanbe
Faisalabad
Irkutsk
Isfahan
Islamabad
Jaipur
Kabul
Kandahar
Karachi
Lahore
Lhasa
Makhachkala
Mumbai
Omsk
Osh
Peshawar
Rawalpindi
Samarkand
Saratov
Shiraz
Surat
Tabriz
Tashkent
Tbilisi
Ürümqi
Yerevan
 
Answer Stats
Answer % Correct
Almaty
75%
Ashgabat
63%
Astana
63%
Bishkek
63%
Islamabad
63%
Dushanbe
50%
Kabul
50%
Karachi
50%
Tashkent
50%
Kandahar
38%
Lahore
38%
Peshawar
38%
Samarkand
38%
Faisalabad
25%
Osh
25%
Rawalpindi
25%
No matching quizzes found
Score Distribution
Percent of People with Each Score
Percentile by Number Answered
Your Score History
You have not taken this quiz